| 000 | 00710nam a22002411 4500 | ||
|---|---|---|---|
| 001 | 105220 | ||
| 003 | ES-MaACL | ||
| 005 | 20230906183821.0 | ||
| 007 | t| | ||
| 008 | 060619s1973 sp ||||0| spa d | ||
| 016 | 7 | _zIND9200523814 | |
| 020 | _a84-317-0190-0 | ||
| 040 |
_aM-BN _bspa _cA2 |
||
| 080 | _a860-241"19" | ||
| 100 | 1 |
_aLópez Mozo, Jerónimo. _973809 |
|
| 245 | 1 | 0 |
_aCrap, fábrica de municiones / _cJerónino López Mozo. |
| 260 |
_a[Bilbao] : _bZero, _c[1973] |
||
| 300 |
_a82 p., 1 h ; _c17 cm. |
||
| 490 | 1 |
_aSe hace camino al andar. Serie S ; _v30 |
|
| 830 | 0 |
_aSe hace camino al andar. Serie S ; _v30 _9184971 |
|
| 852 |
_aES-MaACL _jC-54179 _bR.86998 |
||
| 999 |
_c105220 _d105220 |
||